| Tag |
First Indicator |
Second Indicator |
Subfields |
| LEADER |
00000cam a2200000 a 4500 |
| 001 |
in00000071486 |
| 005 |
20151008062239.0 |
| 008 |
800808s1980 nyua b 00110 engm |
| 010 |
|
|
|a 78040977
|
| 019 |
|
|
|a 6598913
|
| 020 |
|
|
|a 0070320713
|
| 020 |
|
|
|a 9780070320710
|
| 035 |
|
|
|a (OCoLC)4494256
|
| 035 |
|
|
|9 AAJ9821AM
|
| 040 |
|
|
|a DLC
|c DLC
|d OCL
|d TXA
|d UtOrBLW
|
| 049 |
|
|
|a TXAM
|c [985506]
|
| 050 |
0 |
0 |
|a QC174.45
|b .I77
|
| 082 |
0 |
0 |
|a 530.1/43
|
| 100 |
1 |
|
|a Itzykson, Claude.
|
| 245 |
1 |
0 |
|a Quantum field theory /
|c Claude Itzykson and Jean-Bernard Zuber.
|
| 264 |
|
1 |
|a New York :
|b McGraw-Hill,
|c [1980]
|
| 264 |
|
4 |
|c ©1980
|
| 300 |
|
|
|a xxii, 705 pages :
|b illustrations ;
|c 24 cm.
|
| 336 |
|
|
|a text
|b txt
|2 rdacontent
|
| 337 |
|
|
|a unmediated
|b n
|2 rdamedia
|
| 338 |
|
|
|a volume
|b nc
|2 rdacarrier
|
| 490 |
1 |
|
|a International series in pure and applied physics
|
| 500 |
|
|
|a "Advanced book program."
|
| 500 |
|
|
|a Includes index.
|
| 504 |
|
|
|a Bibliography: pages xxi-xxii.
|
| 650 |
|
0 |
|a Quantum field theory.
|
| 700 |
1 |
|
|a Zuber, Jean Bernard.
|
| 830 |
|
0 |
|a International series in pure and applied physics.
|
| 999 |
|
|
|a MARS
|
| 999 |
f |
f |
|s 0bfff320-d244-3a0b-894e-e7657458726d
|i c0d2464a-137d-3c15-acd9-d2e9e8b721d9
|t 0
|
| 952 |
f |
f |
|p normal
|a Texas A&M University
|b College Station
|c Sterling C. Evans Library
|d Evans: Library Stacks
|t 0
|e QC174.45 .I77
|h Library of Congress classification
|i unmediated -- volume
|m A14806207940
|
| 998 |
f |
f |
|a QC174.45 .I77
|t 0
|l Evans: Library Stacks
|